Online
Catalog

Productos de la cumbre judicial Iberoamericana / (Record no. 47862)

MARC details
000 -CABECERA
campo de control de longitud fija 01389nam a2200217 a 4500
001 - NÚMERO DE CONTROL
campo de control 000048374
003 - IDENTIFICADOR DEL NÚMERO DE CONTROL
campo de control OSt
005 - FECHA Y HORA DE LA ÚLTIMA TRANSACCIÓN
campo de control 20201209101834.0
008 - DATOS DE LONGITUD FIJA--INFORMACIÓN GENERAL
campo de control de longitud fija 190218s2018 dr 00 0 spa d
020 ## - NÚMERO INTERNACIONAL ESTÁNDAR DEL LIBRO
Número Internacional Estándar del Libro 9789945585469
040 ## - FUENTE DE LA CATALOGACIÓN
Centro catalogador/agencia de origen DO-SdBNP
Lengua de catalogación spa
Centro/agencia transcriptor BNPHU
110 1# - ENTRADA PRINCIPAL--NOMBRE DE ENTIDAD CORPORATIVA
Nombre de entidad corporativa o nombre de jurisdicción como elemento de entrada República Dominicana.
Unidad subordinada Poder Judicial
9 (RLIN) 15992
245 10 - MENCIÓN DE TÍTULO
Título Productos de la cumbre judicial Iberoamericana /
Mención de responsabilidad, etc. coordinación general Gloria Cecilia Cuello, Rosa M. Reynoso Robiou.
260 ## - PUBLICACIÓN, DISTRIBUCIÓN, ETC.
Lugar de publicación, distribución, etc. Santo Domingo :
Nombre del editor, distribuidor, etc. Poder Jucial : Cumbre Judicial Iberoamericana,
Fecha de publicación, distribución, etc. 2018.
300 ## - DESCRIPCIÓN FÍSICA
Extensión 175 p. ;
Dimensiones 22 cm.
505 0# - NOTA DE CONTENIDO CON FORMATO
Título Estatuto del Juez Iberoamericano --
-- Carta de los derechos de las personas ante la justicia --
-- Código modelo Iberoamericano de ética judicial --
-- 100 reglas de Brasilia sobre acceso a la justicia de las personas en condición de vulnerabilidad --
-- Decálogo Iberoamericano de la justicia de Calidad --
-- Carta Iberoamericana de derechos de las víctimas --
-- Decálogo iberoamericano de justicia juvenil restaurativa --<br/>
-- Declaración judicial iberoamericana sobre justicia ciudadana y participativa --
-- Principios y recomendaciones para la promoción de la justicia abierta en los poderes, órganos y organismos judiciales iberoamericanos.
590 ## - NOTA LOCAL (RLIN)
Nota local Inventariado, 2019/ YL
700 12 - PUNTO DE ACCESO ADICIONAL--NOMBRE DE PERSONA
Nombre de persona Cuello, Gloria Cecilia
Término indicativo de función/relación coord.
9 (RLIN) 55716
700 12 - PUNTO DE ACCESO ADICIONAL--NOMBRE DE PERSONA
Nombre de persona Reynoso Robiou, rosa M.
Término indicativo de función/relación coord.
9 (RLIN) 75788
942 ## - ELEMENTOS DE PUNTO DE ACCESO ADICIONAL (KOHA)
Fuente del sistema de clasificación o colocación Dewey Decimal Classification
Tipo de ítem Koha Libro
Holdings
Estado de retiro Estado de pérdida Fuente del sistema de clasificación o colocación No para préstamo Código de colección Localización permanente Ubicación/localización actual Ubicación en estantería Fecha de adquisición Número de inventario Total de préstamos Código de barras Fecha visto por última vez Número de copia Precio válido a partir de Tipo de ítem Koha Fuente de adquisición
    Dewey Decimal Classification Excluido de préstamo Dominicana de Servicio Biblioteca Nacional Pedro Henríquez Ureña General Depósito 18.02.2019 LF1   2020-0669 25.06.2020 e. 3 25.06.2020 Libro y Folleto Colección Dominicana de Servicio  
    Dewey Decimal Classification Préstamo en sala Dominicana de Servicio Biblioteca Nacional Pedro Henríquez Ureña General Depósito 09.12.2020     2020-0670 09.12.2020 e. 4 09.12.2020 Libro y Folleto Colección Dominicana de Servicio INTEC
    Dewey Decimal Classification Préstamo en sala Dominicana de Servicio Biblioteca Nacional Pedro Henríquez Ureña General Depósito 09.12.2020     2020-0671 09.12.2020 e. 5 09.12.2020 Libro y Folleto Colección Dominicana de Servicio INTEC
    Dewey Decimal Classification Excluido de préstamo Patrimonio Dominicano Biblioteca Nacional Pedro Henríquez Ureña Patrimonio Dominicano Depósito 18.02.2019 LF1   2020-0667 25.06.2020   25.06.2020 Libro y Folleto Colección Patrimonio Dominicano  
    Dewey Decimal Classification Excluido de préstamo Patrimonio Dominicano Biblioteca Nacional Pedro Henríquez Ureña Patrimonio Dominicano Depósito 18.02.2019 LF1   2020-0668 25.06.2020 e. 2 25.06.2020 Libro y Folleto Colección Patrimonio Dominicano  

Powered by Koha